000 01889nam a2200133Ia 4500
008 220620s9999||||xx |||||||||||||| ||und||
020 _a9783040000000
245 0 _aNondestructive Testing (NDT)
546 _aEnglish[eng]
650 _apulsed eddy current||ferromagnetic sample||conductivity||permeability||non-destructive test||impact-echo method||tunnel void||experimental model||numerical simulation||signal analysis||transfer learning||spectrogram analysis||selecting samples||non-destructive testing||hammering sound||regression algorithm||Lamb wave||microcracks testing||multi-channel detection||signal-to-noise ratio||thin-walled tube||damage detection||cepstral analysis||Structural Health Monitoring||Machine Learning||Teager-Kaiser Energy||gammatone filter||acoustic emission||melting ice||aviation||fuel system||acoustoelastic effect||stress estimation||surface waves||weak anisotropy material||damage assessment||smart sensor||magnetoelastic strip||3D printing||additive manufacturing||stress-strain relation||nondestructive testing||optical-radiation||photoacoustic||photothermal||acoustic energy||acoustic counts||CFRP||single lap joint||joggled lap joints||fractography||classical acoustic nonlinearity||constitutive behavior||ultrasonic testing||existing buildings||seismic vulnerability assessment||non-invasive experimental technics||BIM models||non-destructive techniques (NDT)||historical buildings||maintenance||stone columns||ultrasonic test||impact test||concrete||impact-echo||elastic wave||SIBIE||3D visualization||accelerometer||laser doppler vibrometer||remote sensing||reinforced concrete||four-point bending test||structural health monitoring||nondestructive testing techniques||fiber optic sensors||acoustic emission monitoring||digital image correlation
700 _aLacidogna, Giuseppe
856 _uhttps://mdpi.com/books/pdfview/book/4526
942 _cEB
999 _c22968
_d22968